| 000 | 01884nam a2200229Ia 4500 | ||
|---|---|---|---|
| 003 | Ost | ||
| 005 | 20260507075005.0 | ||
| 008 | 260507s9999||||xx |||||||||||||| ||und|| | ||
| 020 | _a977316215x | ||
| 040 | _cfsecg | ||
| 041 | _aara | ||
| 082 | _a330 | ||
| 100 |
_aنبيه، نسرين عبد الحميد _eمؤلف |
||
| 245 | 0 |
_aالاقتصاد الخفي / _c نسرين عبد الحميد نبيه |
|
| 260 |
_aالاسكندرية: _bدار الوفاء لدنيا النشر, _c2008 |
||
| 300 |
_a347 صفحة؛ _c25 سم |
||
| 504 | _aبيبيلوغرافيا: ص.334 (اقتناءات 2014 6ن) | ||
| 520 | _aيضم تحليل الاقتصاد الخفى:ماهية الاقتصاد الخفى وأنواعه وخصائصه -تعريف الاقتصاد الخفى وتاريخ نشأته -عيوب ومميزات الاقتصاد الخفى -اسباب ظاهرة الاقتصاد الخفى -معدل الاقتصاد الخفى -طرقب تقدير حجم ظاهرة الاقتصاد الخفى -آثار الاقتصاد الخفى -كيف يمكن التغلب على ظاهرة الاقتصاد الخفى -جرائم الاقتصاد الخفى الغير مشروعة :جرائم غسيل الاموال -جرائم المخدرات -جرائم الاتجار بالأسلحة -جرائم الغش التجارى -جرائم الدعارة -جرائم تهريب البشر -جرائم الاتجار بالبشر -جرائم بيع الاطفال والاتجار فيهم وتهريبهم -جرائم التهرب الضريبي -جرائم الإحتيال -جريمة بيع الاعضاء البشرية -جريمة إختلاس المال العام -بيع السلع المسروقة والمهربة -جرائم الانترنت -جرائم الارهاب | ||
| 653 | _aالاقتصاد | ||
| 653 | _aغسيل الاموال | ||
| 942 | _cكتاب | ||
| 999 |
_c42105 _d42105 |
||